<Die> öffentlichen Finanzen in Theorie und Praxis

Salvato in:
Dettagli Bibliografici
Autore principale: Musgrave, Richard A.
Altri autori: Musgrave, Peggy B., Kullmer, Lore
Natura: Libro
Lingua:tedesco
Pubblicazione: Tübingen Mohr 1993
Edizione:5. völlig überarb. Aufl.
Serie:Uni-Taschenbücher 519
Soggetti:
Tags: Aggiungi Tag
Nessun Tag, puoi essere il primo ad aggiungerne!!

MARC

LEADER 00000nam a2200000 4500
001 c011388
005 20221206074831.8
020 |a 3-8252-0519-3 
041 0 |a ger 
044 |a DE 
245 1 0 |a <Die> öffentlichen Finanzen in Theorie und Praxis  |c Richard A. Musgrave, Peggy B. Musgrave, Lore Kullmer 
250 |a 5. völlig überarb. Aufl. 
264 1 |a Tübingen  |b Mohr  |c 1993 
300 |a 372 s. 
490 1 |a Uni-Taschenbücher  |v 519 
830 0 |a Uni-Taschenbücher  |v 519 
610 2 0 |a financie štátne 
610 2 0 |a teória a prax 
610 2 0 |a dane 
610 2 0 |a politika daňová 
610 2 0 |a štruktúra systémov 
610 2 0 |a analýza ekonomická 
610 2 0 |a Nemecko 
100 1 |a Musgrave, Richard A. 
700 1 |a Musgrave, Peggy B. 
700 1 |a Kullmer, Lore